Bovine meat inspection : (Record no. 32110)

000 -LEADER
fixed length control field 00619nam a22001817a 4500
008 - FIXED-LENGTH DATA ELEMENTS--GENERAL INFORMATION
fixed length control field 240722b |||||||| |||| 00| 0 eng d
020 ## - INTERNATIONAL STANDARD BOOK NUMBER
International Standard Book Number 9781899043552
050 ## - LIBRARY OF CONGRESS CALL NUMBER
Classification number SF887
Item number .G75 2013
100 ## - MAIN ENTRY--PERSONAL NAME
Personal name Grist A.
245 ## - TITLE STATEMENT
Title Bovine meat inspection :
Remainder of title anatomy, physiology and disease conditions/
Statement of responsibility, etc. A. Grist
250 ## - EDITION STATEMENT
Edition statement 2nd ed.
260 ## - PUBLICATION, DISTRIBUTION, ETC. (IMPRINT)
Place of publication, distribution, etc. Nottingham, U.K. :
Name of publisher, distributor, etc. Context Products,
Date of publication, distribution, etc. 2013
300 ## - PHYSICAL DESCRIPTION
Extent xx, 193 pages :
Other physical details illustrations (some color) ;
Dimensions 24 cm
650 ## - SUBJECT ADDED ENTRY--TOPICAL TERM
Topical term or geographic name as entry element Beef cattle
Form subdivision Diseases
650 ## - SUBJECT ADDED ENTRY--TOPICAL TERM
Topical term or geographic name as entry element Foodborne diseases
650 ## - SUBJECT ADDED ENTRY--TOPICAL TERM
Topical term or geographic name as entry element Meat inspection
942 ## - ADDED ENTRY ELEMENTS (KOHA)
Source of classification or shelving scheme
Koha item type Hard Covered Materials
Classification part SF887 .G75 2013
Holdings
Withdrawn status Lost status Source of classification or shelving scheme Damaged status Not for loan Home library Current library Shelving location Date acquired Source of acquisition Cost, normal purchase price Full call number Barcode Date last seen Price effective from Koha item type
          MACHAKOS UNIVERSITY LIBRARY MACHAKOS UNIVERSITY LIBRARY Open shelf 14/06/2024 Purchase- Turaco 12451.00 SF887 .G75 2013 39925 22/07/2024 22/07/2024 Hard Covered Materials
© Machakos University Library, Along The Highway, Machakos Wote Rd, Machakos, Kenya P.O. Box 136 - 90100 Machakos - Kenya

Tel: ( +254 ) 723 805829 OR Fax : 044-20353 OR Email: library@mksu.ac.ke